00817cam a2200253 a 450000100090000000300050000900500170001400800410003101000170007202000430008902000400013203500240017203800070019604000470020305000230025008200220027310000190029524500680031426000240038230000340040650400510044065000440049165000280053515742157NUST20190906060117.0090518s2010 flua b 001 0 eng  a 2009019904 a9781439801604 (hard back : alk. paper) a1439801606 (hard back : alk. paper) a(OCoLC)ocn255900437 ams aDLCcDLCdBTCTAdYDXCPdC#PdCDXdBWXdDLC00aTA347.F5bA37 201000a620.0042222bLEE1 aHuei-Huang Lee10aFinite element simulations with ANSYS workbenchcHuei-Huang Lee aUSA :bSDC,cc2018. avii, 612 p. :bill. ;c25 cm. aIncludes bibliographical references and index. 0aFinite element methodxData processing. 0aANSYS (Computer system)